Zufällige Wappen Basel-Landschaft - Statistiken

Allgemein
  • Dieses Quiz wurde 310 mal gespielt
  • Das Durchschnittsergebnis liegt bei 3 aus 12
Antwortstatistiken
Bildquiz Antwort % Korrekt
Bubendorf
100%
Häfelfingen
100%
Laufen
100%
Sissach
100%
Münchenstein
88%
Frenkendorf
80%
Gelterkinden
80%
Birsfelden
67%
Itingen
67%
Liestal
67%
Allschwil
50%
Arlesheim
50%
Augst
50%
Buus
50%
Ettingen
50%
Füllinsdorf
50%
Niederdorf
50%
Oberdorf
50%
Oberwil
50%
Ramlinsburg
50%
Waldenburg
50%
Lampenberg
40%
Binningen
33%
Hemmiken
33%
Hölstein
33%
Känerkinden
33%
Langenbruck
33%
Lausen
33%
Reinach
33%
Rothenfluh
33%
Maisprach
25%
Zunzgen
25%
Bretzwil
20%
Liedertswil
20%
Liesberg
20%
Schönenbuch
20%
Seltisberg
13%
Aesch
0%
Anwil
0%
Arboldswil
0%
Arisdorf
0%
Bennwil
0%
Biel-Benken
0%
Blauen
0%
Böckten
0%
Bottmingen
0%
Brislach
0%
Buckten
0%
Burg im Leimental
0%
Diegten
0%
Diepflingen
0%
Dittingen
0%
Duggingen
0%
Eptingen
0%
Giebenach
0%
Grellingen
0%
Hersberg
0%
Kilchberg
0%
Läufelfingen
0%
Lauwil
0%
Lupsingen
0%
Muttenz
0%
Nenzlingen
0%
Nusshof
0%
Oltingen
0%
Ormalingen
0%
Pfeffingen
0%
Pratteln
0%
Reigoldswil
0%
Rickenbach
0%
Roggenburg
0%
Röschenz
0%
Rümlingen
0%
Rünenberg
0%
Tecknau
0%
Tenniken
0%
Therwil
0%
Thürnen
0%
Titterten
0%
Wahlen
0%
Wenslingen
0%
Wintersingen
0%
Wittinsburg
0%
Zeglingen
0%
Ziefen
0%
Zwingen
0%
Keine übereinstimmenden Quizze gefunden
Verteilung der Resultate
Anzahl Personen mit jedem Resultat
Perzentil nach korrekt beantworteten Fragen
Ihre Resultats-Entwicklung
Sie haben dieses Quiz noch nicht gespielt